Statistics for Premier League Factfile: Charlton Athletic

Click here to take the quiz!

General Stats

  • This quiz has been taken 22 times
  • The average score is 9 of 27

Answer Stats

Answer% Correct
Alan Curbishley
81%
Darren Bent
63%
Iain Dowie
63%
Clive Mendonca
50%
Les Reed
50%
Alan Pardew
50%
Mark Kinsella
50%
Matt Holland
50%
Chris Powell
50%
Scott Parker
50%
Shaun Bartlett
50%
Jason Euell
44%
Dean Kiely
38%
Claus Jensen
31%
Danny Murphy
31%
Scott Carson
25%
Luke Young
25%
Talal El Karkouri
13%
Radostin Kishishev
13%
Andy Todd
13%
Shaun Newton
6%
Souleymane Diawara
6%
Djimi Traoré
6%
Stuart Balmer
0%
Gary Rowett
0%
Francis Jeffers
0%
Graham Stuart
0%

Score Distribution

Percentile by Number Answered

Percent of People with Each Score

Your Score History

You have not taken this quiz